00329nam a2200097Ia 4500008004100000041000800041100003100049245008100080260005100161999001900212241105s9999 xx 000 0 und d aeng aSupariwala Rushika9184206 aIn Between The Sea And The Land : Reimagining The Coastal Edge Of Surat City bBNCA M Arch Landscape Architecture, Punec2021 c362049d362049